MARC

LEADER 00000nam0a2200000 4500
001 352774
005 20231102010530.0
035 |a (RuTPU)RU\TPU\retro\9559 
090 |a 352774 
100 |a 20200205d1962 m y0rusy50 ca 
101 0 |a rus 
102 |a RU 
105 |a a z 000zy 
200 1 |a Год на полюсе холода  |f В. С. Игнатов 
210 |a Москва  |c Государственное издательство географической литературы  |d 1962 
215 |a 142 с.  |c ил. 
606 1 |a Антарктида  |x География  |2 stltpush  |3 (RuTPU)RU\TPU\subj\29125  |9 52523 
610 1 |a станция Восток 
610 1 |a зимовка 
610 1 |a исследования 
610 1 |a трудовые будни 
610 1 |a трудности 
675 |a 91(99)  |v 4 
700 1 |a Игнатов  |b В. С.  |g Вениамин Степанович 
801 1 |a RU  |b 63413507  |c 20200205 
801 2 |a RU  |b 63413507  |c 20200727  |g RCR 
942 |c BK